| 000 | 01029nmm a2200289 a 4500 | ||
|---|---|---|---|
| 001 | ocm0001221659 | ||
| 003 | TR-IsHL | ||
| 005 | 20201028154735.0 | ||
| 008 | 131219s2008 tu tur | ||
| 007 | cr cn | ||
| 020 | _a9789754837650 | ||
| 035 |
_a1221659 _b(N$T) |
||
| 050 | 0 | 4 |
_aPR830.T8 _bA85 2008 |
| 090 | 0 | 4 |
_aPR830.T8 _bA85 2008 |
| 100 | 1 | _aAtilla, Aylin | |
| 245 | 1 | 0 |
_aHistoriography and the English novel (1980-90) _h[electronic resource] / _cAylin Atilla |
| 260 |
_aİzmir : _bEge Üniversitesi Yayınları, _c2008 |
||
| 300 | _a211 p. | ||
| 650 | 4 | _aDil ve Edebiyat | |
| 650 | 4 | _aLanguage and Literature | |
| 650 | 0 |
_aEnglish literature _x 1980-1990 |
|
| 650 | 0 |
_aİngiliz edebiyatı _x 1980-1990 |
|
| 650 | 0 |
_aHistoriography _x History |
|
| 650 | 0 |
_aTarih yazıcılığı, tarih yazarlığı _x Tarih |
|
| 650 | 7 |
_aLITERARY CRITICISM / European / English, Irish, Scottish, Welsh _2bisacsh |
|
| 856 | 4 | 0 | _uhttp://search.ebscohost.com/login.aspx?direct=true&scope=site&db=e011xww&AN=1221659 |
| 999 |
_c12732 _d12732 |
||